Mein Leben und Werk

Salvato in:
Dettagli Bibliografici
Autore principale: Ford, Henry
Natura: Libro
Lingua:tedesco
Pubblicazione: Leipzig Paul List Verlag [1923]
Tags: Aggiungi Tag
Nessun Tag, puoi essere il primo ad aggiungerne!!

MARC

LEADER 00000nam a2200000 4500
001 c127826
005 20041019155241.8
041 0 |a ger 
044 |a DE 
245 1 0 |a Mein Leben und Werk  |c Henry Ford 
264 1 |a Leipzig  |b Paul List Verlag  |c [1923] 
300 |a 328 s. 
100 1 |a Ford, Henry